| 000 | 00566ngm a22001937a 4500 | ||
|---|---|---|---|
| 005 | 20211122133617.0 | ||
| 008 | 160216b xxu||||| |||| 00| 0 spa d | ||
| 041 | _aspa | ||
| 082 | _a66 DVD | ||
| 245 | _aPeluquería: nuevas tendencias parte I y II | ||
| 300 | _a15 minutos | ||
| 505 | _aEste DVD viene acompañado del libro Peluquería: nuevas tendencias. 646.724/S212p | ||
| 650 |
_aCORTES DE CABELLO _961741 |
||
| 650 |
_aBELLEZA _934449 |
||
| 650 |
_aPELUQUERÍA _915499 |
||
| 650 |
_aTINTES _916266 |
||
| 650 |
_aTENDENCIAS EN CABELLO _940770 |
||
| 942 | _cDVD | ||
| 999 |
_c8910 _d8910 |
||